<?xml version="1.0" encoding="UTF-8"?>
<marc:record xmlns:marc="http://www.loc.gov/MARC21/slim">
   <marc:leader>00000nam a2200000 a 4500</marc:leader>
   <marc:datafield ind1="1" ind2=" " tag="100">
      <marc:subfield code="a">Schoberberger, Barbara</marc:subfield>
      <marc:subfield code="4">aut</marc:subfield>
      <marc:subfield code="e">Verfasser/-in</marc:subfield>
   </marc:datafield>
   <marc:datafield ind1=" " ind2=" " tag="653">
      <marc:subfield code="a">Schoberberger</marc:subfield>
   </marc:datafield>
   <marc:datafield ind1=" " ind2=" " tag="653">
      <marc:subfield code="a">Barbara</marc:subfield>
   </marc:datafield>
   <marc:datafield ind1=" " ind2=" " tag="653">
      <marc:subfield code="a">Aquarell</marc:subfield>
   </marc:datafield>
   <marc:datafield ind1=" " ind2=" " tag="653">
      <marc:subfield code="a">Pflanzendarstellung</marc:subfield>
   </marc:datafield>
   <marc:datafield ind1=" " ind2=" " tag="653">
      <marc:subfield code="a">Technik/Sonstiges</marc:subfield>
   </marc:datafield>
   <marc:datafield ind1="0" ind2="0" tag="245">
      <marc:subfield code="a">Begegnungen am Wegesrand</marc:subfield>
   </marc:datafield>
   <marc:datafield ind1="0" ind2="0" tag="245">
      <marc:subfield code="b">die Kunst der botanischen Malerei</marc:subfield>
   </marc:datafield>
   <marc:datafield ind1="0" ind2="0" tag="245">
      <marc:subfield code="c">Barbara Schoberberger</marc:subfield>
   </marc:datafield>
   <marc:datafield ind1=" " ind2="1" tag="264">
      <marc:subfield code="a">Linz</marc:subfield>
      <marc:subfield code="b">Freya-Verl.</marc:subfield>
      <marc:subfield code="c">2008</marc:subfield>
   </marc:datafield>
   <marc:datafield ind1="1" ind2=" " tag="520">
      <marc:subfield code="a">Angaben aus der Verlagsmeldung

Begegnungen am Wegesrand : Botanische Malerei / von Barbara Schoberberger

Kaum einen Schritt abseits der Wege leuchten Blüten in allen Farben des Regenbogens. Ein bunter Strauß voller Harmonie und Lebenskraft, ein Genuss für Blumen- und Kräuterfreunde.

Barbara Schoberberger, international bekannte botanische Malerin, zeigt „durch die Blume“ einen Jahreszyklus der Natur in lebensnahen, herrlichen Bildern. Blüten, Blätter oder Wurzeln wirken so echt, dass man meint, den Duft der Pflanzen wahrzunehmen. Jedes Heilkraut, jede Blume ist eine Persönlichkeit und wird von Texten begleitet, die über Bedeutung, Verwendung, Märchen, Mythen und Geschichte Auskunft geben. Pflanzen begleiten uns durch unser ganzes Leben. Im Buch sind sie ein so lebendiges Geschenk, als hätten wir sie gerade eben von unserem Spaziergang mitgenommen.
</marc:subfield>
   </marc:datafield>
   <marc:datafield ind1=" " ind2=" " tag="020">
      <marc:subfield code="a">9783902540539</marc:subfield>
      <marc:subfield code="9">9783902540539</marc:subfield>
   </marc:datafield>
   <marc:datafield ind1=" " ind2=" " tag="041">
      <marc:subfield code="a">ger</marc:subfield>
   </marc:datafield>
   <marc:datafield ind1=" " ind2=" " tag="300">
      <marc:subfield code="a">192 S.</marc:subfield>
   </marc:datafield>
</marc:record>
